00702 2200241 4500001002100000005001700021008004100038020002200079035002500101040001200126082001000138084002000148090002000168100002500188245009100213250001100304260002700315300003500342500002700377650003300404700001100437850001200448INLIS00000000000209620150218093324.0  a978-979-29-2059-8 a0010-021500000000363 aYOPDYOG a780.7 aDEP 780.7 Bay P aDEP 780.7 Bay P aBAYU SATYA DS, 1977- aPendidikan dan seni budaya musik untuk SMP/ MTs dan sederajat kelas 7c/ Bayu Setya DS aCet. 1 aYogyakartabAndic2013 ax, 129 hlm.b: ilus.c; 23 cm. aBibliografi : hlm. 129 aMusik - Studi dan Pengajaran aSeno W aYOPDYOG